[Event "Imperia op-A 56th"]
[Site "Imperia"]
[Date "2014.09.01"]
[Round "2"]
[White "Pesce, Gabriele"]
[Black "Dolezal, Radoslav"]
[Result "1/2-1/2"]
[WhiteElo "2203"]
[BlackElo "2357"]
[PlyCount "171"]
[EventDate "2014.08.31"]
[EventType "swiss"]
[EventRounds "9"]
[EventCountry "ITA"]
[SourceTitle "EXT 2016"]
[Source "ChessBase"]
[SourceDate "2015.10.08"]
[SourceVersion "1"]
[SourceVersionDate "2015.10.08"]
[SourceQuality "1"]

1. e4 c6 2. d4 d5 3. Nc3 g6 4. Nf3 Bg7 5. h3 dxe4 6. Nxe4 Nd7 7. Bc4 Ngf6 8. Qe2 0-0 9. Bd2 Nxe4 10. Qxe4 e5 11. dxe5 Nxe5 12. Nxe5 Bxe5 13. 0-0-0 Qf6 14. c3 Bf5 15. Qf3 b5 16. Bb3 a5 17. Bc2 Be6 18. Qxf6 Bxf6 19. Be4 Rfc8 20. Kb1 a4 21. Rc1 Ra7 22. Be3 Re7 23. f3 Be5 24. Bc5 Ree8 25. g4 f5 26. gxf5 gxf5 27. Rhg1+ Kf7 28. Rcf1 Bf6 29. Bc2 Rg8 30. f4 Rxg1 31. Rxg1 Rg8 32. Rxg8 Kxg8 33. Bd4 Be7 34. Be5 Kf7 35. c4 Kg6 36. cxb5 cxb5 37. Bd3 b4 38. Bb5 Kh5 39. a3 bxa3 40. bxa3 Bxa3 41. Bf6 Bd6 42. Bxa4 Kg6 43. Bd4 Bxf4 44. h4 Kh5 45. Bf6 Bg3 46. Kc1 f4 47. Bd1+ Kg6 48. Be7 Bf2 49. Bf3 h5 50. Kd2 Bg4 51. Ke2 Bd4 52. Kd3 Bb6 53. Ke2 Bd4 54. Bg5 Kf5 55. Kd3 Be5 56. Ke2 Bf6 57. Bh6 Bxh4 58. Bf8 Bf6 59. Bd6 Be5 60. Be7 Bd4 61. Bd8 Bc5 62. Bh4 Kg6 63. Bd8 Bd6 64. Kf2 Kf5 65. Kg2 Be5 66. Be7 Bf6 67. Bd6 Bh4 68. Bc7 Bg3 69. Bd6 Kg5 70. Be7+ Kg6 71. Bd6 Bd7 72. Be4+ Kf6 73. Bf3 h4 74. Bc7 h3+ 75. Kh1 Kf5 76. Bd6 Bb5 77. Bb7 Bd7 78. Bf3 Bc8 79. Bc7 Kf6 80. Kg1 Ba6 81. Bd6 Bd3 82. Bc7 Ke7 83. Kh1 Kd7 84. Bxf4 Bxf4 85. Bg4+ Kd6 86. Bxh3 1/2-1/2

[Event "Imperia op-A 55th"]
[Site "Imperia"]
[Date "2013.09.01"]
[Round "1"]
[White "Lezzerini, Marco"]
[Black "Pesce, Gabriele"]
[Result "1/2-1/2"]
[WhiteElo "1960"]
[BlackElo "2198"]
[PlyCount "143"]
[EventDate "2013.09.01"]
[EventType "swiss"]
[EventRounds "9"]
[EventCountry "ITA"]
[SourceTitle "EXT 2015"]
[Source "ChessBase"]
[SourceDate "2014.11.20"]
[SourceVersion "1"]
[SourceVersionDate "2014.11.20"]
[SourceQuality "1"]

1. d4 Nf6 2. c4 d6 3. Nc3 Nc6 4. e4 e5 5. Nge2 g6 6. f3 Bg7 7. Be3 a6 8. d5 Ne7 9. Nc1 0-0 10. Be2 Nh5 11. Nd3 f5 12. 0-0 c5 13. dxc6 bxc6 14. Qd2 Be6 15. Nb4 Nf4 16. Rfd1 Nxe2+ 17. Qxe2 Qb8 18. a3 a5 19. Nba2 fxe4 20. Nxe4 Nf5 21. Bf2 Qb3 22. Nxd6 Nxd6 23. Rxd6 Bxc4 24. Nc1 Qb5 25. Qd2 a4 26. Nd3 Rad8 27. Nb4 Rxd6 28. Qxd6 e4 29. fxe4 Bxb2 30. Bc5 Qb8 31. Qxf8+ Qxf8 32. Bxf8 Bxa1 33. Bc5 Bb5 34. Kf2 Bb2 35. Nc2 Bd3 36. Nd4 Bxe4 37. g3 Bc1 38. Ke2 Kf7 39. Kf2 Kf6 40. h4 Ke5 41. Ne2 Bd2 42. Nf4 h6 43. Be7 Bf5 44. Kf3 Bc2 45. Ke2 Bc1 46. Kf3 Bf5 47. Ne2 Be4+ 48. Kf2 Bd2 49. Nf4 Bxf4 50. gxf4+ Kxf4 51. Bf8 Kg4 52. Bxh6 Kxh4 53. Be3 g5 54. Bb6 g4 55. Ba7 Kh3 56. Kg1 g3 57. Bb6 Bd3 58. Bc5 g2 59. Bd6 Bf1 60. Bc5 Kg3 61. Ba7 Kf3 62. Bb6 Ke4 63. Kf2 Kd5 64. Be3 c5 65. Ke1 c4 66. Kd2 Ke4 67. Bb6 Kf3 68. Bc5 Bd3 69. Bb6 Kg3 70. Bg1 Bf5 71. Kc3 Be6 72. Kd2 1/2-1/2

[Event "Bratto op 31st"]
[Site "Bratto"]
[Date "2011.08.25"]
[Round "6"]
[White "Pesce, Gabriele"]
[Black "Indjic, Aleksandar"]
[Result "0-1"]
[WhiteElo "2177"]
[BlackElo "2373"]
[PlyCount "72"]
[EventDate "2011.08.20"]
[EventType "swiss"]
[EventRounds "9"]
[EventCountry "ITA"]
[SourceTitle "EXT 2022"]
[Source "ChessBase"]
[SourceDate "2021.10.06"]
[SourceVersion "1"]
[SourceVersionDate "2021.10.06"]
[SourceQuality "1"]

1. e4 d6 2. d4 Nf6 3. Nc3 g6 4. f4 Bg7 5. Nf3 c6 6. Bd3 b5 7. 0-0 0-0 8. e5 Nfd7 9. a4 b4 10. Ne4 Nb6 11. Qe1 Nd5 12. Bd2 a5 13. c4 bxc3 14. bxc3 Na6 15. Neg5 h6 16. Ne4 f5 17. exf6 exf6 18. Nh4 f5 19. Nxg6 Re8 20. Ne5 fxe4 21. Qxe4 Nf6 22. Qg6 Rf8 23. Nxc6 Qe8 24. Nxa5 Nc7 25. c4 Ne6 26. Qxe8 Rxe8 27. Bg6 Rf8 28. Nc6 Bd7 29. Ne7+ Kh8 30. Bb4 Nxd4 31. Bxd6 Ng4 32. Be4 Ne2+ 33. Kh1 Ra5 34. c5 Rf6 35. Rae1 Rxd6 36. cxd6 Ng3+ 0-1

[Event "Bratto op 31st"]
[Site "Bratto"]
[Date "2011.08.24"]
[Round "5"]
[White "Stoppa, Omar"]
[Black "Pesce, Gabriele"]
[Result "1/2-1/2"]
[WhiteElo "2286"]
[BlackElo "2177"]
[PlyCount "148"]
[EventDate "2011.08.20"]
[EventType "swiss"]
[EventRounds "9"]
[EventCountry "ITA"]
[SourceTitle "EXT 2022"]
[Source "ChessBase"]
[SourceDate "2021.10.06"]
[SourceVersion "1"]
[SourceVersionDate "2021.10.06"]
[SourceQuality "1"]

1. e4 c5 2. Nf3 Nc6 3. d4 cxd4 4. c3 dxc3 5. Nxc3 e6 6. Bc4 Qc7 7. Qe2 Nf6 8. h3 d6 9. 0-0 Be7 10. a3 0-0 11. Rd1 a6 12. Ba2 Bd7 13. Bf4 Ne5 14. Rac1 Qa5 15. Nd4 Ng6 16. Bh2 Rac8 17. f4 e5 18. fxe5 dxe5 19. Nf5 Qb6+ 20. Kh1 Bc5 21. Rf1 Be6 22. Na4 Qb5 23. Qxb5 axb5 24. Bxe6 bxa4 25. Bxc8 Rxc8 26. Nd6 Rc7 27. Nxb7 Rxb7 28. Rxc5 Nxe4 29. Rc8+ Nf8 30. Bxe5 Rb5 31. Bf4 g5 32. Rc4 f5 33. Bxg5 Ng3+ 34. Kg1 Nxf1 35. Kxf1 Rxb2 36. Rxa4 Ne6 37. Be3 Kf7 38. Ra7+ Kf6 39. a4 Rb1+ 40. Ke2 f4 41. Bd2 Rb3 42. Rd7 Ke5 43. Kf1 Rb1+ 44. Kf2 Nc5 45. Rxh7 Ne4+ 46. Ke2 Rb2 47. Rd7 Ra2 48. a5 Nxd2 49. Rxd2 Rxa5 50. Rd8 Kf5 51. Rg8 Ra3 52. Kf2 Ra1 53. Re8 Rb1 54. Re1 Rb2+ 55. Re2 Rb1 56. Ra2 Rh1 57. Ra5+ Ke4 58. Ra8 Rb1 59. Rf8 Ra1 60. Rh8 Kf5 61. Rh5+ Ke4 62. Rb5 Rh1 63. Ke2 Rg1 64. Rb4+ Kf5 65. Kf2 Rh1 66. Rb5+ Ke4 67. Rh5 Ra1 68. h4 Ra2+ 69. Kf1 Ra1+ 70. Kf2 Ra2+ 71. Kg1 f3 72. gxf3+ Kxf3 73. Rg5 Ra4 74. h5 Rh4 1/2-1/2

[Event "Presolana op 31st"]
[Site "Presolana"]
[Date "2011.08.23"]
[Round "4"]
[White "Pesce, Gabriele"]
[Black "Vishnu, Prasanna V"]
[Result "0-1"]
[WhiteElo "2177"]
[BlackElo "2340"]
[PlyCount "56"]
[EventDate "2011.08.20"]
[EventType "swiss"]
[EventRounds "9"]
[EventCountry "ITA"]
[SourceTitle "CBM 144 Extra"]
[Source "ChessBase"]
[SourceDate "2011.10.28"]
[SourceVersion "1"]
[SourceVersionDate "2011.10.28"]
[SourceQuality "1"]

1. e4 c5 2. Nf3 d6 3. d4 cxd4 4. Nxd4 Nf6 5. Nc3 a6 6. Bg5 Nbd7 7. Bc4 h6 8. Be3 Qc7 9. Bb3 e6 10. Qd2 Nc5 11. f3 Bd7 12. 0-0-0 b5 13. Rhe1 b4 14. Nd5 Nxb3+ 15. Nxb3 exd5 16. exd5 Be7 17. Qxb4 a5 18. Qa3 0-0 19. Bf4 Rfc8 20. Na1 Bf5 21. c3 Qc4 22. Bg3 Nxd5 23. h4 Bf6 24. Qb3 Nb4 25. Qxc4 Rxc4 26. Re3 Nxa2+ 27. Kd2 Rb8 28. b3 Rxc3 0-1

[Event "Pula op 25th"]
[Site "Pula"]
[Date "2011.06.23"]
[Round "7"]
[White "Pesce, Gabriele"]
[Black "Shalnev, Nicolai"]
[Result "1/2-1/2"]
[WhiteElo "2185"]
[BlackElo "2354"]
[PlyCount "59"]
[EventDate "2011.06.18"]
[EventType "swiss"]
[EventRounds "9"]
[EventCountry "CRO"]
[SourceTitle "CBM 143 Extra"]
[Source "ChessBase"]
[SourceDate "2011.08.29"]
[SourceVersion "1"]
[SourceVersionDate "2011.08.29"]
[SourceQuality "1"]

1. e4 c5 2. Nf3 d6 3. d4 cxd4 4. Nxd4 Nf6 5. Nc3 a6 6. Bg5 e5 7. Nf5 Bxf5 8. exf5 Nbd7 9. Nd5 Qa5+ 10. Nc3 d5 11. Bd2 Qc7 12. f3 Rc8 13. Bd3 Bb4 14. 0-0 Nc5 15. Kh1 Nxd3 16. cxd3 0-0 17. Qb3 Bxc3 18. bxc3 e4 19. dxe4 dxe4 20. Bg5 exf3 21. Rxf3 Ne4 22. Bf4 Qc5 23. Qxb7 Nf2+ 24. Kg1 Nh3+ 25. Kh1 Nf2+ 26. Kg1 Nh3+ 27. Kh1 Nxf4 28. Rxf4 Qxc3 29. Raf1 Qf6 30. R4f2 1/2-1/2

[Event "Torino 150 Italy Unity op"]
[Site "Torino"]
[Date "2011.06.05"]
[Round "8"]
[White "Ljubisavljevic, Zivojin Z"]
[Black "Pesce, Gabriele"]
[Result "1/2-1/2"]
[WhiteElo "2215"]
[BlackElo "2185"]
[PlyCount "100"]
[EventDate "2011.05.31"]
[EventType "swiss"]
[EventRounds "9"]
[EventCountry "ITA"]
[SourceTitle "EXT 2014"]
[Source "ChessBase"]
[SourceDate "2013.11.20"]
[SourceVersion "1"]
[SourceVersionDate "2013.11.20"]
[SourceQuality "1"]

1. b3 Nf6 2. Bb2 d6 3. f4 c5 4. Nf3 Nc6 5. e3 g6 6. h3 Bg7 7. g4 e5 8. fxe5 Nxe5 9. Nxe5 dxe5 10. Bb5+ Bd7 11. Qe2 0-0 12. Nc3 a6 13. Bxd7 Qxd7 14. 0-0-0 b5 15. Qg2 Rfd8 16. g5 Nh5 17. Rhf1 c4 18. Rf2 b4 19. Ne4 cxb3 20. axb3 Rac8 21. d4 Qd5 22. Kb1 exd4 23. Bxd4 Re8 24. Nf6+ Nxf6 25. gxf6 Qxg2 26. Rxg2 Bh6 27. Rg3 Re4 28. Kb2 Rce8 29. Ra1 R4e6 30. Ra4 Rb8 31. h4 Rb5 32. Rg1 Bxe3 33. Bxe3 Rxe3 34. Rxa6 Rb8 35. h5 Re6 36. Rxe6 fxe6 37. hxg6 hxg6 38. Rxg6+ Kf7 39. Rh6 e5 40. c3 bxc3+ 41. Kxc3 Rc8+ 42. Kd3 e4+ 43. Kxe4 Rc3 44. Rh7+ Kxf6 45. Rb7 Ke6 46. Kd4 Rc1 47. b4 Kd6 48. Rb6+ Kc7 49. Ra6 Kb7 50. Ra5 Kb6 1/2-1/2

[Event "Torino 150 Italy Unity op"]
[Site "Torino"]
[Date "2011.06.04"]
[Round "7"]
[White "Pesce, Gabriele"]
[Black "Angelini, Marco"]
[Result "0-1"]
[WhiteElo "2185"]
[BlackElo "2180"]
[PlyCount "48"]
[EventDate "2011.05.31"]
[EventType "swiss"]
[EventRounds "9"]
[EventCountry "ITA"]
[SourceTitle "EXT 2014"]
[Source "ChessBase"]
[SourceDate "2013.11.20"]
[SourceVersion "1"]
[SourceVersionDate "2013.11.20"]
[SourceQuality "1"]

1. e4 c5 2. Nc3 Nc6 3. f4 g6 4. Nf3 Bg7 5. Bb5 Nd4 6. a4 e6 7. d3 Ne7 8. Nxd4 cxd4 9. Ne2 a6 10. Bc4 d5 11. Bb3 dxe4 12. dxe4 0-0 13. 0-0 b6 14. Ng3 Qc7 15. h4 a5 16. h5 Ba6 17. hxg6 hxg6 18. Rf3 Bc4 19. f5 exf5 20. exf5 Nd5 21. Bxc4 Qxc4 22. b3 Qc6 23. Bb2 Rad8 24. Ba3 Ne3 0-1

[Event "Torino 150 Italy Unity op"]
[Site "Torino"]
[Date "2011.06.03"]
[Round "5"]
[White "Pesce, Gabriele"]
[Black "Finocchiaro, Gianluca"]
[Result "1-0"]
[WhiteElo "2185"]
[BlackElo "2151"]
[PlyCount "53"]
[EventDate "2011.05.31"]
[EventType "swiss"]
[EventRounds "9"]
[EventCountry "ITA"]
[SourceTitle "EXT 2014"]
[Source "ChessBase"]
[SourceDate "2013.11.20"]
[SourceVersion "1"]
[SourceVersionDate "2013.11.20"]
[SourceQuality "1"]

1. e4 d5 2. exd5 Qxd5 3. Nc3 Qa5 4. d4 Nf6 5. Bc4 Bg4 6. Nf3 Nc6 7. h3 Bxf3 8. Qxf3 0-0-0 9. d5 Nb4 10. 0-0 Qc5 11. Bb3 Nbxd5 12. Nxd5 Nxd5 13. Qxf7 e5 14. Rd1 c6 15. c4 Nf6 16. Rxd8+ Kxd8 17. Qxb7 Qb6 18. Qa8+ Kc7 19. Be3 c5 20. Rd1 Qb8 21. Qf3 Bd6 22. Ba4 Qb6 23. Bg5 Rf8 24. Qf5 Kb8 25. Rd3 Nd5 26. Qd7 Bc7 27. Qxd5 1-0

[Event "Savona Provinz-ch"]
[Site "Savona"]
[Date "2011.01.28"]
[Round "1"]
[White "Pesce, Gabriele"]
[Black "Nikolajevic, Tihomir"]
[Result "1-0"]
[WhiteElo "2181"]
[BlackElo "1865"]
[PlyCount "143"]
[EventDate "2011.01.28"]
[EventType "swiss"]
[EventRounds "5"]
[EventCountry "ITA"]
[SourceTitle "EXT 2012"]
[Source "ChessBase"]
[SourceDate "2011.11.24"]
[SourceVersion "1"]
[SourceVersionDate "2011.11.24"]
[SourceQuality "1"]

1. e4 d6 2. d4 Nf6 3. Nc3 g6 4. Be3 Bg7 5. Qd2 0-0 6. Nf3 Ng4 7. Bg5 h6 8. Bh4 c6 9. Bd3 Qc7 10. h3 Nf6 11. 0-0 Nbd7 12. Bg3 Nh5 13. Bh2 e5 14. dxe5 Nxe5 15. Nxe5 dxe5 16. Rfd1 Nf4 17. Bf1 Be6 18. Qe3 g5 19. a4 a5 20. Qc5 Rfd8 21. Nb5 Qb8 22. Na3 Qc7 23. Nc4 Bxc4 24. Bxc4 b6 25. Qe3 Rab8 26. Kh1 Rd7 27. Bg1 Rbd8 28. Rxd7 Rxd7 29. f3 c5 30. Qb3 Rd2 31. Be3 Rd7 32. Kh2 Rd6 33. g3 Ng6 34. Bd5 Kf8 35. Qc4 Rf6 36. Kg2 Ne7 37. Rd1 Rd6 38. b4 axb4 39. a5 Nxd5 40. exd5 Kg8 41. axb6 Rxb6 42. Qxc5 Rb7 43. d6 Qd7 44. Bd2 Rb5 45. Qc4 e4 46. Qxe4 Re5 47. Qd3 Qe6 48. d7 Bf6 49. d8Q+ Bxd8 50. Qxd8+ Kg7 51. Qd4 f6 52. Bxb4 Re2+ 53. Kf1 Qa6 54. Qd3 Qxd3 55. cxd3 Rb2 56. Bd2 Rb3 57. Ke2 Kf7 58. d4 Ke6 59. d5+ Kd6 60. Be3 Rb5 61. g4 Rb2+ 62. Rd2 Rb7 63. Bf2 f5 64. gxf5 Rf7 65. Bg3+ Kd7 66. Ke3 Rxf5 67. Ke4 Rf7 68. Ra2 Ke8 69. d6 Kd8 70. Be5 Kc8 71. Kd5 Rxf3 72. Ke6 1-0

[Event "Recco op-A 4th"]
[Site "Recco "]
[Date "2010.11.28"]
[Round "5"]
[White "Pesce, Gabriele"]
[Black "Astengo, Marcello"]
[Result "1-0"]
[WhiteElo "2179"]
[BlackElo "2070"]
[PlyCount "77"]
[EventDate "2010.11.26"]
[EventType "swiss"]
[EventRounds "5"]
[EventCountry "ITA"]
[SourceTitle "EXT 2012"]
[Source "ChessBase"]
[SourceDate "2011.11.24"]
[SourceVersion "1"]
[SourceVersionDate "2011.11.24"]
[SourceQuality "1"]

1. e4 e6 2. d4 d5 3. Nd2 Nf6 4. e5 Ng8 5. Bd3 c5 6. c3 Bd7 7. Ngf3 Nc6 8. dxc5 Bxc5 9. Nb3 Bb6 10. Qe2 Nce7 11. Be3 Bc7 12. Bd4 Ng6 13. Qe3 Qb8 14. Bxg6 hxg6 15. 0-0-0 b6 16. Kb1 a5 17. Nbd2 b5 18. Nb3 Ne7 19. Nc5 Bc6 20. g4 b4 21. Ng5 bxc3 22. Qxc3 Bb6 23. Qe3 Nc8 24. Rc1 Bb5 25. f4 Ra7 26. f5 gxf5 27. gxf5 exf5 28. Qb3 Bc4 29. Qa4+ Ke7 30. Rhg1 Rh4 31. Nge6 Rc7 32. Nxc7 Qxc7 33. Qa3 Ke8 34. Rxg7 Ne7 35. Rcg1 Qc6 36. Rg8+ Nxg8 37. Rxg8+ Ke7 38. Ne4+ Ke6 39. Re8+ 1-0

[Event "Imperia op-A 52th"]
[Site "Imperia"]
[Date "2010.08.31"]
[Round "3"]
[White "Pesce, Gabriele"]
[Black "Tomisek, Petr"]
[Result "1/2-1/2"]
[WhiteElo "2174"]
[BlackElo "1938"]
[PlyCount "56"]
[EventDate "2010.08.29"]
[EventType "swiss"]
[EventRounds "9"]
[EventCountry "ITA"]
[SourceTitle "EXT 2024"]
[Source "ChessBase"]
[SourceDate "2023.10.10"]
[SourceVersion "1"]
[SourceVersionDate "2023.10.10"]
[SourceQuality "1"]

1. e4 e5 2. f4 Nc6 3. Nf3 f5 4. Nc3 fxe4 5. Nxe5 Nf6 6. d3 Bb4 7. dxe4 Nxe5 8. fxe5 Nxe4 9. Qf3 d5 10. exd6 Nf6 11. Bc4 Qxd6 12. 0-0 Qd4+ 13. Qe3+ Qxe3+ 14. Bxe3 Bd7 15. Rxf6 Bxc3 16. Bf7+ Ke7 17. Rf3 Bf6 18. Bd5 c6 19. Bc5+ Kd8 20. Bc4 Kc7 21. Rd1 Rad8 22. Rxf6 gxf6 23. Be7 Rde8 24. Bxf6 Rhf8 25. Bh4 Bf5 26. Bg3+ Kc8 27. c3 Rd8 28. Rf1 Bg4 1/2-1/2

[Event "Savona Province-ch"]
[Site "Savona"]
[Date "2010.02.13"]
[Round "3"]
[White "Pesce, Gabriele"]
[Black "Gioseffi, Massimiliano"]
[Result "1/2-1/2"]
[WhiteElo "2168"]
[BlackElo "2121"]
[PlyCount "121"]
[EventDate "2010.02.12"]
[EventType "swiss"]
[EventRounds "5"]
[EventCountry "ITA"]
[SourceTitle "EXT 2024"]
[Source "ChessBase"]
[SourceDate "2023.10.10"]
[SourceVersion "1"]
[SourceVersionDate "2023.10.10"]
[SourceQuality "1"]

1. e4 c5 2. Nc3 Nc6 3. f4 e6 4. Nf3 d6 5. d3 g6 6. g3 Bg7 7. Bg2 Nge7 8. 0-0 0-0 9. Be3 Nd4 10. Qd2 Rb8 11. Nd1 b5 12. Ne1 b4 13. c3 bxc3 14. bxc3 Ndc6 15. d4 cxd4 16. cxd4 Na5 17. Rc1 Ba6 18. Rf2 Nc4 19. Qe2 Nxe3 20. Qxe3 Qb6 21. Rd2 Rfc8 22. Nc3 e5 23. fxe5 dxe5 24. Nd5 Nxd5 25. Rxc8+ Rxc8 26. exd5 exd4 27. Qb3 Qxb3 28. axb3 Bh6 29. Rc2 Rxc2 30. Nxc2 d3 31. Nb4 Be3+ 32. Kh1 Bb5 33. Bf3 Kf8 34. Kg2 Ke7 35. Nc6+ Kd6 36. h4 d2 37. Na5 Bb6 38. Nc4+ Bxc4 39. bxc4 a5 40. Bd1 Kc5 41. Kf3 Kxc4 42. Ke2 Kc3 43. d6 Bc5 44. d7 Bb6 45. Ba4 Bd8 46. Ke3 f5 47. Bd1 g5 48. h5 h6 49. Ba4 Bb6+ 50. Ke2 Bc7 51. Bd1 f4 52. gxf4 gxf4 53. Ba4 Bd8 54. Bd1 Bg5 55. Ba4 Kb4 56. Bc6 a4 57. Kxd2 Kb3 58. Bd5+ Kb2 59. Ke2 Kc3 60. Kf3 Kd4 61. Ba2 1/2-1/2

[Event "Imperia Corallo op 4th"]
[Site "Imperia"]
[Date "2009.11.21"]
[Round "2"]
[White "Pesce, Gabriele"]
[Black "Biancotti, Alessandro"]
[Result "1-0"]
[WhiteElo "2143"]
[BlackElo "1912"]
[PlyCount "153"]
[EventDate "2009.11.20"]
[EventType "swiss"]
[EventRounds "5"]
[EventCountry "ITA"]
[SourceTitle "EXT 2024"]
[Source "ChessBase"]
[SourceDate "2023.10.10"]
[SourceVersion "1"]
[SourceVersionDate "2023.10.10"]
[SourceQuality "1"]

1. e4 c5 2. Nc3 Nc6 3. f4 g6 4. Nf3 d6 5. Bc4 Bg7 6. d3 e6 7. 0-0 Nge7 8. f5 0-0 9. Qe1 Nd4 10. Qh4 Nec6 11. Bg5 f6 12. fxe6 Bxe6 13. Bxe6+ Nxe6 14. Be3 Nb4 15. Rf2 b6 16. Qg4 Nc7 17. a3 Nc6 18. h4 Qe7 19. Re1 Rad8 20. h5 Qe8 21. Bf4 Ne5 22. Bxe5 dxe5 23. hxg6 Qxg6 24. Qh3 Qh6 25. Nh4 Rde8 26. Nf5 Qxh3 27. gxh3 Kh8 28. Nd5 Nxd5 29. exd5 Rg8 30. Rg2 Bf8 31. Rxg8+ Kxg8 32. Kf2 Kf7 33. Kf3 Be7 34. Rg1 Bf8 35. Ke4 Rd8 36. h4 b5 37. Rg3 a5 38. h5 Rc8 39. c4 b4 40. a4 Rd8 41. d6 Bxd6 42. Rg7+ Ke6 43. h6 Rh8 44. Ra7 Bf8 45. Rxa5 Rg8 46. Ra6+ Kf7 47. Ra7+ Ke6 48. Ng7+ Bxg7 49. Rxg7 f5+ 50. Ke3 Rh8 51. a5 Ra8 52. Rxh7 Rxa5 53. Rh8 Kf6 54. h7 Kg7 55. Re8 Kxh7 56. Rxe5 Kg6 57. Kf4 Ra2 58. Rxf5 Rxb2 59. Rxc5 Kf6 60. Rc6+ Ke7 61. Ke5 Re2+ 62. Kd5 b3 63. Rb6 b2 64. Kd4 Rc2 65. Kc5 Kd7 66. d4 Kc7 67. Rb5 Rg2 68. d5 Rc2 69. Kd4 Kd6 70. Kd3 Rc1 71. Rxb2 Kc5 72. Rb5+ Kd6 73. Rb6+ Kc7 74. Rc6+ Kd7 75. Kd4 Rd1+ 76. Kc5 Rc1 77. Rh6 1-0

[Event "Imperia op-A 50th"]
[Site "Imperia"]
[Date "2008.09.03"]
[Round "5"]
[White "Hocevar, Nikola"]
[Black "Pesce, Gabriele"]
[Result "1-0"]
[WhiteElo "2125"]
[BlackElo "2102"]
[PlyCount "35"]
[EventDate "2008.08.31"]
[EventType "swiss"]
[EventRounds "9"]
[EventCountry "ITA"]
[SourceTitle "MCD"]
[Source "ChessBase"]
[SourceDate "1999.07.01"]
[SourceVersion "1"]
[SourceVersionDate "1999.07.01"]
[SourceQuality "1"]

1. d4 Nf6 2. e3 g6 3. c4 Bg7 4. Nc3 0-0 5. Nf3 c5 6. Be2 d6 7. 0-0 Nc6 8. d5 Nb8 9. e4 e6 10. Qc2 exd5 11. cxd5 Ng4 12. Bg5 Qb6 13. h3 Ne5 14. a4 Nxf3+ 15. Bxf3 Re8 16. Rfe1 Na6 17. a5 Nb4 18. Qa4 1-0

[Event "Bratto op-A 28th"]
[Site "Bratto"]
[Date "2008.08.26"]
[Round "5"]
[White "Fierro Baquero, Martha Lorena"]
[Black "Pesce, Gabriele"]
[Result "1/2-1/2"]
[WhiteElo "2379"]
[BlackElo "2102"]
[PlyCount "134"]
[EventDate "2008.08.22"]
[EventType "swiss"]
[EventRounds "9"]
[EventCountry "ITA"]
[SourceTitle "CBM 126 Extra"]
[Source "ChessBase"]
[SourceDate "2008.11.05"]
[SourceVersion "1"]
[SourceVersionDate "2008.11.05"]
[SourceQuality "1"]

1. e4 c5 2. Nc3 Nc6 3. Bb5 g6 4. Bxc6 dxc6 5. d3 e5 6. f4 f6 7. Nf3 Bg7 8. 0-0 exf4 9. Bxf4 Nh6 10. Qd2 Nf7 11. a4 a5 12. Qf2 b6 13. d4 cxd4 14. Rad1 0-0 15. Nxd4 Qe8 16. Bc7 Ra6 17. Nb3 Bg4 18. Rde1 Ne5 19. Bxb6 Nc4 20. Bc5 Rf7 21. h3 Be6 22. Nd1 Ne5 23. Ne3 Bxb3 24. cxb3 Nd3 25. Qc2 Nxe1 26. Rxe1 Bf8 27. Bd4 Qe6 28. Ng4 Ra8 29. Rf1 Bg7 30. Qc3 Re8 31. Bxf6 h5 32. Bxg7 hxg4 33. Rxf7 Qxf7 34. Bh6 Rxe4 35. hxg4 Rxg4 36. Qxc6 Qa7+ 37. Kf1 Kh7 38. Be3 Qf7+ 39. Kg1 Rb4 40. Qc8 Qe7 41. Qh3+ Rh4 42. Qg3 Rh5 43. Bd4 Qd7 44. Qf4 Qe7 45. Bc3 Qa7+ 46. Qd4 Qxd4+ 47. Bxd4 Rf5 48. Bc3 Kg8 49. g3 Kf7 50. b4 axb4 51. Bxb4 Rg5 52. Be1 Rc5 53. Bc3 Ke6 54. Kf2 Kd5 55. Ke3 Rc4 56. a5 Ra4 57. Kf3 Kc6 58. g4 Kb5 59. Kg3 Rc4 60. Kh4 Rc5 61. Bf6 Rd5 62. Bc3 Rc5 63. Kg3 Rc4 64. Kf3 Ka6 65. Be1 Kb5 66. Bd2 Rd4 67. Bc3 Rc4 1/2-1/2

[Event "Bratto op-A 28th"]
[Site "Bratto"]
[Date "2008.08.23"]
[Round "2"]
[White "Pesce, Gabriele"]
[Black "Stips, Felix"]
[Result "1/2-1/2"]
[WhiteElo "2102"]
[BlackElo "2061"]
[PlyCount "79"]
[EventDate "2008.08.22"]
[EventType "swiss"]
[EventRounds "9"]
[EventCountry "ITA"]
[SourceTitle "CBM 126 Extra"]
[Source "ChessBase"]
[SourceDate "2008.11.05"]
[SourceVersion "1"]
[SourceVersionDate "2008.11.05"]
[SourceQuality "1"]

1. e4 d5 2. exd5 Qxd5 3. Nc3 Qd6 4. d4 Nf6 5. Bc4 a6 6. Nf3 Bg4 7. h3 Bh5 8. d5 b5 9. Bb3 c5 10. dxc6 Qxd1+ 11. Kxd1 Nxc6 12. g4 Nxg4 13. hxg4 Bxg4 14. Bd5 0-0-0 15. Ke2 Nd4+ 16. Ke3 Nxc2+ 17. Kf4 Nxa1 18. Kxg4 e6 19. Bg5 Nc2 20. Rc1 Rd7 21. Bb3 Nb4 22. Nxb5+ Kb7 23. Ne5 Nd3 24. Nxd7 Nxc1 25. Bxc1 axb5 26. Ne5 Bc5 27. Nxf7 Rf8 28. Ng5 Bxf2 29. Nxh7 Rc8 30. Bf4 Bd4 31. Bxe6 Rh8 32. Ng5 Bxb2 33. Nf7 Rf8 34. Kg5 Kb6 35. Ne5 Bxe5 36. Bxe5 Re8 37. Bd4+ Ka5 38. Bf7 Re7 39. Kg6 Rxf7 40. Kxf7 1/2-1/2

[Event "Imperia Corallo op-A 2nd"]
[Site "Imperia"]
[Date "2007.11.17"]
[Round "3"]
[White "Pesce, Gabriele"]
[Black "Cardona, Paolo"]
[Result "1-0"]
[WhiteElo "2035"]
[BlackElo "1857"]
[PlyCount "35"]
[EventDate "2007.11.16"]
[EventType "swiss"]
[EventRounds "5"]
[EventCountry "ITA"]
[SourceTitle "EXT 2010"]
[Source "ChessBase"]
[SourceDate "2010.11.25"]
[SourceVersion "1"]
[SourceVersionDate "2010.11.25"]
[SourceQuality "1"]

1. e4 e5 2. f4 d5 3. exd5 Qxd5 4. Nc3 Qe6 5. fxe5 Qxe5+ 6. Qe2 Qe6 7. Nf3 Be7 8. Qxe6 Bxe6 9. d4 c6 10. Ng5 Bf5 11. Bc4 Bxg5 12. Bxg5 Bxc2 13. 0-0 Bg6 14. Rae1+ Kd7 15. Bxf7 Na6 16. Bxg6 hxg6 17. Rf7+ Kd6 18. Bf4# 1-0

[Event "Imperia op-A 49th"]
[Site "Imperia"]
[Date "2007.09.06"]
[Round "6"]
[White "Pesce, Gabriele"]
[Black "Del Dotto, Riccardo"]
[Result "0-1"]
[WhiteElo "2000"]
[BlackElo "2168"]
[PlyCount "132"]
[EventDate "2007.09.02"]
[EventType "swiss"]
[EventRounds "9"]
[EventCountry "ITA"]
[SourceTitle "EXT 2009"]
[Source "ChessBase"]
[SourceDate "2008.11.26"]
[SourceVersion "1"]
[SourceVersionDate "2008.11.26"]
[SourceQuality "1"]

1. e4 e5 2. Nf3 Nf6 3. Nxe5 d6 4. Nf3 Nxe4 5. Nc3 Nxc3 6. dxc3 Be7 7. Bf4 0-0 8. Qd2 Nd7 9. 0-0-0 Nc5 10. Be3 Re8 11. Kb1 Ne4 12. Qd5 Bf6 13. Bd3 c6 14. Qh5 d5 15. h4 g6 16. Qh6 Bg7 17. Qf4 Qf6 18. Qxf6 Nxf6 19. Rde1 Bd7 20. Bd4 Ne4 21. Bxe4 dxe4 22. Nd2 f5 23. h5 b6 24. hxg6 hxg6 25. Bxg7 Kxg7 26. c4 Be6 27. f3 exf3 28. gxf3 Bf7 29. f4 Rad8 30. Nf3 Rxe1+ 31. Rxe1 Bxc4 32. Ne5 Bd5 33. Rg1 Rd6 34. Kc1 Bf7 35. Nxf7 Kxf7 36. Rh1 Rd7 37. c3 Kf6 38. Rh8 c5 39. Rc8 Re7 40. Rc6+ Kg7 41. a4 Kh6 42. a5 Re4 43. axb6 axb6 44. Rxb6 Rxf4 45. b4 cxb4 46. cxb4 Rd4 47. b5 f4 48. Rb8 f3 49. Rf8 Rb4 50. Rxf3 Rxb5 51. Kd2 Re5 52. Kd3 Kg5 53. Kd4 Re8 54. Rf7 Kg4 55. Rg7 g5 56. Kd5 Kf4 57. Rf7+ Kg3 58. Rg7 g4 59. Kd4 Kf3 60. Rf7+ Kg2 61. Rg7 g3 62. Rg6 Kf2 63. Rf6+ Kg1 64. Rg6 g2 65. Rg7 Rh8 66. Ke4 Kh2 0-1